<?xml version="1.0" encoding="UTF-8"?>
<record
    xmlns:xsi="http://www.w3.org/2001/XMLSchema-instance"
    xsi:schemaLocation="http://www.loc.gov/MARC21/slim http://www.loc.gov/standards/marcxml/schema/MARC21slim.xsd"
    xmlns="http://www.loc.gov/MARC21/slim">

  <leader>00364nam a2200145Ia 4500</leader>
  <controlfield tag="008">191201s2010    xx            000 0 und d</controlfield>
  <datafield tag="082" ind1=" " ind2=" ">
    <subfield code="a">005.1</subfield>
    <subfield code="b">JAI</subfield>
  </datafield>
  <datafield tag="100" ind1=" " ind2=" ">
    <subfield code="a">JALOTE,Pankaj</subfield>
  </datafield>
  <datafield tag="245" ind1=" " ind2="0">
    <subfield code="a">Integrated Approach to Software Engineering</subfield>
  </datafield>
  <datafield tag="250" ind1=" " ind2=" ">
    <subfield code="a">Rep.</subfield>
  </datafield>
  <datafield tag="260" ind1=" " ind2=" ">
    <subfield code="a">N.Delhi</subfield>
    <subfield code="b">Narosa Publication House</subfield>
    <subfield code="c">2010</subfield>
  </datafield>
  <datafield tag="300" ind1=" " ind2=" ">
    <subfield code="a">495</subfield>
  </datafield>
  <datafield tag="650" ind1=" " ind2=" ">
    <subfield code="a">MCA</subfield>
  </datafield>
  <datafield tag="942" ind1=" " ind2=" ">
    <subfield code="2">ddc</subfield>
    <subfield code="c">BK</subfield>
  </datafield>
  <datafield tag="999" ind1=" " ind2=" ">
    <subfield code="c">3732</subfield>
    <subfield code="d">3732</subfield>
  </datafield>
  <datafield tag="952" ind1=" " ind2=" ">
    <subfield code="0">0</subfield>
    <subfield code="1">0</subfield>
    <subfield code="2">ddc</subfield>
    <subfield code="4">0</subfield>
    <subfield code="7">0</subfield>
    <subfield code="8">MCA</subfield>
    <subfield code="a">PIET</subfield>
    <subfield code="b">PIET</subfield>
    <subfield code="d">2009-02-24</subfield>
    <subfield code="e">J B C, New Delhi</subfield>
    <subfield code="g">315.00</subfield>
    <subfield code="k">SI-4904</subfield>
    <subfield code="l">0</subfield>
    <subfield code="o">005.1 JAI</subfield>
    <subfield code="p">10961</subfield>
    <subfield code="r">2019-12-04 00:00:00</subfield>
    <subfield code="w">2008-12-27</subfield>
    <subfield code="y">BK</subfield>
  </datafield>
  <datafield tag="952" ind1=" " ind2=" ">
    <subfield code="0">0</subfield>
    <subfield code="1">0</subfield>
    <subfield code="2">ddc</subfield>
    <subfield code="4">0</subfield>
    <subfield code="7">0</subfield>
    <subfield code="8">MCA</subfield>
    <subfield code="a">PIET</subfield>
    <subfield code="b">PIET</subfield>
    <subfield code="d">2009-02-24</subfield>
    <subfield code="e">J B C, New Delhi</subfield>
    <subfield code="g">315.00</subfield>
    <subfield code="k">SI-4904</subfield>
    <subfield code="l">0</subfield>
    <subfield code="o">005.1 JAI</subfield>
    <subfield code="p">10962</subfield>
    <subfield code="r">2019-12-18 00:00:00</subfield>
    <subfield code="w">2008-12-27</subfield>
    <subfield code="y">BK</subfield>
  </datafield>
  <datafield tag="952" ind1=" " ind2=" ">
    <subfield code="0">0</subfield>
    <subfield code="1">0</subfield>
    <subfield code="2">ddc</subfield>
    <subfield code="4">0</subfield>
    <subfield code="7">0</subfield>
    <subfield code="8">MCA</subfield>
    <subfield code="a">PIET</subfield>
    <subfield code="b">PIET</subfield>
    <subfield code="d">2009-02-24</subfield>
    <subfield code="e">J B C, New Delhi</subfield>
    <subfield code="g">315.00</subfield>
    <subfield code="k">SI-4904</subfield>
    <subfield code="l">0</subfield>
    <subfield code="o">005.1 JAI</subfield>
    <subfield code="p">10963</subfield>
    <subfield code="r">2019-12-04 00:00:00</subfield>
    <subfield code="w">2008-12-27</subfield>
    <subfield code="y">BK</subfield>
  </datafield>
  <datafield tag="952" ind1=" " ind2=" ">
    <subfield code="0">0</subfield>
    <subfield code="1">0</subfield>
    <subfield code="2">ddc</subfield>
    <subfield code="4">0</subfield>
    <subfield code="7">0</subfield>
    <subfield code="8">MCA</subfield>
    <subfield code="a">PIET</subfield>
    <subfield code="b">PIET</subfield>
    <subfield code="d">2009-02-24</subfield>
    <subfield code="e">J B C, New Delhi</subfield>
    <subfield code="g">315.00</subfield>
    <subfield code="k">SI-4904</subfield>
    <subfield code="l">0</subfield>
    <subfield code="o">005.1 JAI</subfield>
    <subfield code="p">10964</subfield>
    <subfield code="r">2019-12-04 00:00:00</subfield>
    <subfield code="w">2008-12-27</subfield>
    <subfield code="y">BK</subfield>
  </datafield>
  <datafield tag="952" ind1=" " ind2=" ">
    <subfield code="0">0</subfield>
    <subfield code="1">0</subfield>
    <subfield code="2">ddc</subfield>
    <subfield code="4">0</subfield>
    <subfield code="7">0</subfield>
    <subfield code="8">MCA</subfield>
    <subfield code="a">PIET</subfield>
    <subfield code="b">PIET</subfield>
    <subfield code="d">2009-02-24</subfield>
    <subfield code="e">J B C, New Delhi</subfield>
    <subfield code="g">315.00</subfield>
    <subfield code="k">SI-4904</subfield>
    <subfield code="l">0</subfield>
    <subfield code="o">005.1 JAI</subfield>
    <subfield code="p">10965</subfield>
    <subfield code="r">2019-12-14 00:00:00</subfield>
    <subfield code="w">2008-12-27</subfield>
    <subfield code="y">BK</subfield>
  </datafield>
  <datafield tag="952" ind1=" " ind2=" ">
    <subfield code="0">0</subfield>
    <subfield code="1">0</subfield>
    <subfield code="2">ddc</subfield>
    <subfield code="4">0</subfield>
    <subfield code="7">0</subfield>
    <subfield code="8">MCA</subfield>
    <subfield code="a">PIET</subfield>
    <subfield code="b">PIET</subfield>
    <subfield code="d">2008-12-27</subfield>
    <subfield code="e">J B C, New Delhi</subfield>
    <subfield code="g">315.00</subfield>
    <subfield code="k">SI2135</subfield>
    <subfield code="l">0</subfield>
    <subfield code="o">005.1 JAI</subfield>
    <subfield code="p">13542</subfield>
    <subfield code="r">2019-12-04 00:00:00</subfield>
    <subfield code="w">2009-08-12</subfield>
    <subfield code="y">BK</subfield>
  </datafield>
  <datafield tag="952" ind1=" " ind2=" ">
    <subfield code="0">0</subfield>
    <subfield code="1">0</subfield>
    <subfield code="2">ddc</subfield>
    <subfield code="4">0</subfield>
    <subfield code="7">0</subfield>
    <subfield code="8">MCA</subfield>
    <subfield code="a">PIET</subfield>
    <subfield code="b">PIET</subfield>
    <subfield code="d">2008-12-27</subfield>
    <subfield code="e">J B C, New Delhi</subfield>
    <subfield code="g">315.00</subfield>
    <subfield code="k">SI2135</subfield>
    <subfield code="l">0</subfield>
    <subfield code="o">005.1 JAI</subfield>
    <subfield code="p">13543</subfield>
    <subfield code="r">2019-12-04 00:00:00</subfield>
    <subfield code="w">2009-08-12</subfield>
    <subfield code="y">BK</subfield>
  </datafield>
  <datafield tag="952" ind1=" " ind2=" ">
    <subfield code="0">0</subfield>
    <subfield code="1">0</subfield>
    <subfield code="2">ddc</subfield>
    <subfield code="4">0</subfield>
    <subfield code="7">0</subfield>
    <subfield code="8">MCA</subfield>
    <subfield code="a">PIET</subfield>
    <subfield code="b">PIET</subfield>
    <subfield code="d">2008-12-27</subfield>
    <subfield code="e">J B C, New Delhi</subfield>
    <subfield code="g">315.00</subfield>
    <subfield code="k">SI2135</subfield>
    <subfield code="l">0</subfield>
    <subfield code="o">005.1 JAI</subfield>
    <subfield code="p">13544</subfield>
    <subfield code="r">2019-12-04 00:00:00</subfield>
    <subfield code="w">2009-08-12</subfield>
    <subfield code="y">BK</subfield>
  </datafield>
  <datafield tag="952" ind1=" " ind2=" ">
    <subfield code="0">0</subfield>
    <subfield code="1">0</subfield>
    <subfield code="2">ddc</subfield>
    <subfield code="4">0</subfield>
    <subfield code="7">0</subfield>
    <subfield code="8">MCA</subfield>
    <subfield code="a">PIET</subfield>
    <subfield code="b">PIET</subfield>
    <subfield code="d">2008-12-27</subfield>
    <subfield code="e">J B C, New Delhi</subfield>
    <subfield code="g">315.00</subfield>
    <subfield code="k">SI2135</subfield>
    <subfield code="l">0</subfield>
    <subfield code="o">005.1 JAI</subfield>
    <subfield code="p">13545</subfield>
    <subfield code="r">2019-12-04 00:00:00</subfield>
    <subfield code="w">2009-08-12</subfield>
    <subfield code="y">BK</subfield>
  </datafield>
  <datafield tag="952" ind1=" " ind2=" ">
    <subfield code="0">0</subfield>
    <subfield code="1">0</subfield>
    <subfield code="2">ddc</subfield>
    <subfield code="4">0</subfield>
    <subfield code="7">0</subfield>
    <subfield code="8">MCA</subfield>
    <subfield code="a">PIET</subfield>
    <subfield code="b">PIET</subfield>
    <subfield code="d">2008-12-27</subfield>
    <subfield code="e">J B C, New Delhi</subfield>
    <subfield code="g">315.00</subfield>
    <subfield code="k">SI2135</subfield>
    <subfield code="l">0</subfield>
    <subfield code="o">005.1 JAI</subfield>
    <subfield code="p">13546</subfield>
    <subfield code="r">2019-12-04 00:00:00</subfield>
    <subfield code="w">2009-08-12</subfield>
    <subfield code="y">BK</subfield>
  </datafield>
</record>
